000 00936nam a22002055i 4500
001 159146
003 ES-MaACL
005 20250824052157.0
008 041001s1862 sp |||| | spa d
040 _aCAM
_bspa
_cCAM
100 1 _aMata y Oneca, Serafín.
_eaut
_9129718
245 1 0 _aMatrimonios de razón :
_bcomedia en tres actos original y en verso /
_cde Serafín Mata y Oneca.
260 _aSalamanca :
_b[s.n.],
_c1862
_f(Imp. de La Crónica)
300 _a114 páginas ;
_c20 cm.
655 0 _aTeatro
_9234794
852 _aES-MaACL
_cSPP2
_fEx-libris ms. de Gustavo Sáenz Díez, 1877
_gDedicatoria ms. del autor a las Señoritas Doña Manuela y Doña Joaquina Palacios
_jF-8560(9)
_xEnc. en un vol. facticio formando parte de la col. facticia "Teatro español moderno", v. 12
_xPasta española, falto de cub. original
942 _2udc
_cMONANT
_n0
999 _c159146
_d159146